History Quiz

Random History or World Quiz

New 7 Wonders of the World Quiz Stats

 Plays Quiz Updated May 28, 2015

Score 0/7 Timer 02:00
1 Play Today
Country Wonders % Correct
ChinaGreat Wall of China
92.7%
IndiaTaj Mahal
86.4%
BrazilChrist the Redeemer
68.8%
ItalyColosseum
58.4%
PeruMachu Picchu
58.1%
JordanPetra
52.1%
MexicoChichen Itza
36.3%

You're not logged in!

Compare scores with friends on all Sporcle quizzes.
OR
Log In

Sporcle TV

Today on Sporcle TV


Watch our educational content, quiz creation guides, and fun videos on Sporcle TV.

Show Comments

Extras

Top Quizzes Today


Score Distribution

Your Account Isn't Verified!

In order to create a playlist on Sporcle, you need to verify the email address you used during registration. Go to your Sporcle Settings to finish the process.

Report this User

Report this user for behavior that violates our Community Guidelines.

Details: